| 000 | 00455nam a22001697a 4500 | ||
|---|---|---|---|
| 005 | 20180221120211.0 | ||
| 008 | 160518b xxu||||| |||| 00| 0 eng d | ||
| 020 | _a978-0-07-015259-5 | ||
| 041 | _aeng | ||
| 082 |
_b2782 _a174.4 |
||
| 100 |
_aFrancis, Ronald D and Mishra, Mukti _94153 |
||
| 245 | _aBusiness Ethics an Indian Perspective | ||
| 260 |
_aNew Delhi _bTata McGraw Hill Ltd. _c2009 |
||
| 300 | _a240 | ||
| 650 |
_aManagement _9241 |
||
| 942 | _cBK | ||
| 999 |
_c988 _d988 |
||